Plastic Surgery Procedures Quiz Stats

 Plays Quiz Retired Jun 16, 2021

Support Sporcle.
Go Orange.
Score 0/15 Timer 04:00
0 Plays Today
Count Procedure % Correct
SurgicalBreast Augmentation (Augmentation mammaplasty)
88.9%
SurgicalNose Reshaping (Rhinoplasty)
88.2%
SurgicalLiposuction
68.9%
Minimally InvasiveBotox
63%
SurgicalTummy tuck (Abdominoplasty)
54%
ReconstructiveBreast Reduction
31.4%
SurgicalEyelid Lift (Blepharoplasty)
22.9%
Minimally InvasiveSoft Tissue Fillers
17.8%
Count Procedure % Correct
Minimally InvasiveLaser Hair Removal
10.1%
Minimally InvasiveChemical Peel
6.5%
ReconstructiveScar Revision
5.3%
Minimally InvasiveMicrodermabrasion
3%
ReconstructiveHand Surgery
2.1%
ReconstructiveTumor Removal
1.6%
ReconstructiveLaceration Repair
0.4%

From the Vault

3 Major Rock Types

by mathias679

Science 30s
Of course, everyone knows the 3 major roll types are crescent, kaiser and cinnamon.
Remove Ads.
Support Sporcle.
Get the best of Sporcle when you Go Orange. This ad-free experience offers more features, more stats, and more fun while also helping to support Sporcle. Thank you for becoming a member.

Show Comments

Extras

Top Quizzes Today


Score Distribution

Your Account Isn't Verified!

In order to create a playlist on Sporcle, you need to verify the email address you used during registration. Go to your Sporcle Settings to finish the process.

Report this User

Report this user for behavior that violates our Community Guidelines.

Details: